000 00365nam a2200157Ia 4500
008 230917s9999||||xx |||||||||||||| ||und||
040 _e26677
_aMAIN
041 _aEnglish
082 _a330.1543 J641E
100 _aJohnston, J
245 0 _aEconometric methods
250 _a3rd ed.
260 _aAuckland
_bMcGraw-Hill
300 _aviii, 567 p.
942 _cBK
999 _c66542
_d66542